Denver Nuggets 2016-17 Roster - Statistics

General Stats
  • This quiz has been taken 145 times
    112 since last reset
  • The average score is 8 of 16
Answer Stats
Nbr Post Player % Correct
15 Forward-Center Nikola Jokic
99%
27 Guard Jamal Murray
91%
14 Guard Gary Harris
68%
5 Guard-Forward Will Barton
66%
- Head Coach Michael Malone
59%
8 Forward Danilo Gallinari
58%
35 Forward Kenneth Faried
56%
24 Center Mason Plumlee
54%
21 Forward Wilson Chandler
49%
0 Guard Emmanuel Mudiay
47%
00 Forward Darrell Arthur
33%
1 Guard Jameer Nelson
33%
41 Forward Juan Hernangomez
32%
25 Guard Malik Beasley
31%
3 Guard-Forward Mike Miller
17%
34 Center Roy Hibbert
17%
No matching quizzes found
Score Distribution
Percent of People with Each Score
Percentile by Number Answered
Your Score History
You have not taken this quiz since the last reset